| 000 | 00539cam a2200217 4500 | ||
|---|---|---|---|
| 001 | J3908 | ||
| 008 | 090401t1931 xxu||||| |||| 00| 0 eng d | ||
| 035 | _a(Sirsi) u57393 | ||
| 041 | _aeng | ||
| 100 | _aBomford, G. | ||
| 245 | _aGeodetic triangulation. | ||
| 260 |
_aDehra Dun _bSurvey of India _c1931 |
||
| 300 | _aviii,109p. : ill. ; 25cm. | ||
| 350 | _a0 | ||
| 490 | _aSurvey of India | ||
| 650 | _aGEODETIC TRIANGULATION | ||
| 690 | _aLAND SURVEYING | ||
| 710 |
_aSurvey of India _92931 |
||
| 942 | _n0 | ||
| 948 | _c04/03/1997 | ||
| 999 |
_c93929 _d93929 |
||